Le Musée de Bâle (Record no. 7832)

MARC details
000 -CABECERA
campo de control de longitud fija 00918nam a2200289 a 4500
001 - NÚMERO DE CONTROL
campo de control BRCA_8164
005 - FECHA Y HORA DE LA ÚLTIMA TRANSACCIÓN
campo de control 20190320210147.0
008 - DATOS DE LONGITUD FIJA--INFORMACIÓN GENERAL
campo de control de longitud fija 060514s1952----fr-a###f##---#000-0#fre-#
041 ## - CÓDIGO DE LENGUA
Código de lengua del texto/banda sonora o título independiente fre
044 ## - CÓDIGO DEL PAÍS DE LA ENTIDAD EDITORA/PRODUCTORA
Código MARC del país fr
050 #4 - SIGNATURA TOPOGRÁFICA DE LA BIBLIOTECA DEL CONGRESO
Número de clasificación N6754
Número de documento/Ítem .M8
-- 1952
245 10 - MENCIÓN DE TÍTULO
Título Le Musée de Bâle
Resto del título de Holbein a Picasso
Mención de responsabilidad, etc. preface par Georg Schmidt ; traduction de Maurice Muller-Strauss.
260 ## - PUBLICACIÓN, DISTRIBUCIÓN, ETC.
Lugar de publicación, distribución, etc. Francia
Nombre del editor, distribuidor, etc. S.A.P.H.O.
Fecha de publicación, distribución, etc. 1952
300 ## - DESCRIPCIÓN FÍSICA
Extensión 1 v.
Otras características físicas il. a color
Dimensiones 32 cm.
440 #0 - MENCIÓN DE SERIE/PUNTO DE ACCESO ADICIONAL--TÍTULO
Título Art et Style
Número de parte o sección de la obra 22
9 (RLIN) 20345
500 ## - NOTA GENERAL
Nota general X66
546 ## - NOTA DE LENGUA/LENGUAJE
Nota de lengua/lenguaje Texto en: francés y alemán
600 14 - PUNTO DE ACCESO ADICIONAL DE MATERIA--NOMBRE DE PERSONA
Nombre de persona Holbein, Hans
Fechas asociadas al nombre 1497-1543
9 (RLIN) 10385
600 14 - PUNTO DE ACCESO ADICIONAL DE MATERIA--NOMBRE DE PERSONA
Nombre de persona Picasso, Pablo
Fechas asociadas al nombre 1881-1973
9 (RLIN) 4496
650 14 - PUNTO DE ACCESO ADICIONAL DE MATERIA--TÉRMINO DE MATERIA
Término de materia o nombre geográfico como elemento de entrada Arte
Subdivisión de forma Exposiciones
9 (RLIN) 6285
650 14 - PUNTO DE ACCESO ADICIONAL DE MATERIA--TÉRMINO DE MATERIA
Término de materia o nombre geográfico como elemento de entrada Arte
Subdivisión de forma Cronología
9 (RLIN) 20346
650 14 - PUNTO DE ACCESO ADICIONAL DE MATERIA--TÉRMINO DE MATERIA
Término de materia o nombre geográfico como elemento de entrada Arte
Subdivisión de forma Coleccionistas y colecciones
9 (RLIN) 15108
700 1# - PUNTO DE ACCESO ADICIONAL--NOMBRE DE PERSONA
Nombre de persona Schmidt, Georg
Término indicativo de función/relación Pref.
9 (RLIN) 20347
700 1# - PUNTO DE ACCESO ADICIONAL--NOMBRE DE PERSONA
Nombre de persona Muller-Strauss, Maurice
Término indicativo de función/relación tr.
9 (RLIN) 20348
902 ## - CATALOGADOR
Iniciales GFM
942 ## - ELEMENTOS DE PUNTO DE ACCESO ADICIONAL (KOHA)
Fuente del sistema de clasificación o colocación Library of Congress Classification
Tipo de ítem Koha Libros
Holdings
Estado de retiro Estado de pérdida Estado dañado No para préstamo Localización permanente Ubicación/localización actual Fecha de adquisición Número de inventario Total de préstamos Signatura topográfica completa Código de barras Fecha visto por última vez Precio válido a partir de Tipo de ítem Koha
El ejemplar forma parte de la colección y puede ser consultado según las políticas vigentes.       Biblioteca del Museo Franz Mayer (Rogerio Casas-Alatriste) Biblioteca del Museo Franz Mayer (Rogerio Casas-Alatriste) 06/05/2014 X66   N6754 .M8 1952 (X66) 8788 22/03/2019 22/03/2019 Libros